000
00303nam a2200121Ia 4500
008
220204s9999 xx 000 0 und d
082
_b
DAS
100
_a
Das, Madhusudan
245
0
_a
Accountancy: Its principles and practice
260
_a
Calcutta
_b
World Press
_c
1978
700
_a
Ghosh
942
_c
BK
999
_c
28883
_d
28883